000 00467nam a2200169 i 4500
001 145945
003 ES-MaACL
005 20230906201350.0
007 t|
008 071018s1968 sp ||||1| spa d
100 1 _aVerdejo, Carmiña.
_9114017
245 1 0 _aCelebridades /
_cpor Carmiña Verdejo.
260 _aBarcelona :
_bRamón Sopena,
_c[1968]
300 _a296 p. :
_bil. ;
_c21 cm.
650 4 _aBiografías.
_910574
852 _aES-MaACL
_jG-7347
_bR.65741
999 _c145945
_d145945